000 00626nam a2200205Ia 4500
003 IN-BaIIA
008 211028s9999 xx 000 0 eng d
020 _a3-540-13006-3
040 _cIIA Library
080 _a621.32
_bSCH
245 0 _aMultiresolution image processing and analysis
_cedited by A. Rosenfeld
260 _aBerlin
_bSpringer-Verlag
_c1984
300 _aviii, 385p.
650 _aData Processing
_94335
650 _aImage Processing
_96569
650 _aImaging Techniques
_97786
650 _aNASA Thesaurus
700 _aRosenfeld, A., ed
_910064
942 _cBK
999 _c8259
_d8259